000 01349cab a22002775a 4500
001 L141405
008 071121e20071117xxk f 000 0 eng d
035 _a(Sirsi) u141405
041 0 _aeng
100 1 _aJohnston, Natalie
245 0 0 _aCriminal justice
260 _c2007
490 _aEstates Gazette
_v(0746) 17 November 2007, 172-173(2)
520 _aArgues that trespass should be made a criminal offence. As the law stands, police will only respond to a trespass in the case of aggravated trespass as defined by the Criminal Justice and Public Order Act 1994. Otherwise, an order for possession must be acquired. Often seasonal camps or sales will have moved on by the time this is enforced. Addresses some counter-arguments including the possibility of arrest for accidental trespass. Argues that the perception of the abuse of the law of trespass must be eradicated by reform.
590 _aKA
650 2 4 _aCRIMINAL JUSTICE AND PUBLIC ORDER ACT 1994 S68
650 2 4 _aCRIMINAL LAW ACT 1977 S6
650 2 4 _aCRIMINAL LAW ACT 1977 S7
650 2 4 _aSERIOUS ORGANISED CRIME AND POLICE ACT 2005 S128
650 2 4 _aLANDLORD AND TENANT ACT 1985
650 2 4 _aPROTECTION OF EVICTION ACT 1977
650 2 4 _aCOUNTRYSIDE AND RIGHTS OF WAY ACT 2000
651 4 _aUnited Kingdom
_y
690 _aPROPERTY AND LAND LAW
942 _n0
999 _c79485
_d79485